| 000 | 00335nab a22001097u 4500 | ||
|---|---|---|---|
| 008 | 130520b1963 xxu||||| |||| 00| 0 ita d | ||
| 041 | _aita | ||
| 100 | 1 |
_aBetti, Umberto _912677 |
|
| 245 | 0 | 0 |
_aLa Tradizione è fonte di rivelazione? _cUmberto Betti |
| 773 | 0 |
_tAntonianum _gV.38, nº1-4,1963,págs. 31-49 _x0003-6064 _wRev37 |
|
| 942 | _cAR | ||
| 999 |
_c337482 _d337482 |
||